[Event "Sparkassen-Open A"]
[Site "Heusenstamm, Martinsee"]
[Date "2022.11.19"]
[Round "4.50"]
[White "Weiss, Matthias"]
[Black "Müller, Maximilian"]
[Result "1-0"]
[WhiteElo "2030"]
[BlackElo "1736"]
[PlyCount "71"]
[EventDate "2022.??.??"]
[WhiteTeam "SF Schöneck"]
[BlackTeam "SC GEMA St.Ingbert"]

1. e4 e6 2. d4 d5 3. Nd2 Nf6 4. e5 Nfd7 5. Bd3 c5 6. c3 Nc6 7. Ngf3 cxd4 8.
cxd4 f6 9. exf6 Nxf6 10. O-O Bd6 11. b3 Qb6 12. Bb2 Nb4 13. Be2 O-O 14. a3 Nc6
15. Bd3 Bd7 16. b4 a5 17. b5 Ne7 18. a4 Nf5 19. Ne5 Nxd4 20. Nec4 dxc4 21. Nxc4
Bxh2+ 22. Kxh2 Qc7+ 23. Kg1 e5 24. Nxe5 Qxe5 25. Bc4+ Kh8 26. Qxd4 Qxd4 27.
Bxd4 Rac8 28. Rac1 Ne4 29. Bd5 Nd2 30. Rxc8 Rxc8 31. Rd1 Rc2 32. Be3 Bg4 33.
Rxd2 Rxd2 34. Bxd2 Bd1 35. Bxa5 Bxa4 36. b6 1-0

[Event "Sparkassen-Open A"]
[Site "Heusenstamm, Martinsee"]
[Date "2022.11.19"]
[Round "4.51"]
[White "Nickel, Jonas"]
[Black "Gebhardt, Ulrich"]
[Result "1/2-1/2"]
[WhiteElo "1771"]
[BlackElo "2006"]
[PlyCount "77"]
[EventDate "2022.??.??"]
[WhiteTeam "SD Büdingen-Wächtersbach"]
[BlackTeam "SK Ettlingen"]

1. e4 c6 2. d4 d5 3. Nd2 dxe4 4. Nxe4 Nf6 5. Ng3 h5 6. h4 Bg4 7. Be2 e6 8. Bg5
Qb6 9. Bxf6 gxf6 10. Bxg4 hxg4 11. Rb1 Qa5+ 12. c3 Qxa2 13. N1e2 Nd7 14. Ra1
Qxb2 15. Rb1 Qa3 16. Rxb7 Qa6 17. Rb1 f5 18. Ra1 Qb6 19. Qa4 Qb5 20. Qa2 Bd6
21. O-O a5 22. Rfe1 Nb6 23. Nxf5 exf5 24. c4 Qxc4 25. Qb2 Nd5 26. Ng3+ Kf8 27.
Nxf5 Bb4 28. Re5 Qd3 29. Rxd5 cxd5 30. Qxb4+ Kg8 31. Qb7 Re8 32. Qd7 Re6 33.
Qd8+ Kh7 34. Qg5 Rg6 35. Qh5+ Kg8 36. Ne7+ Kg7 37. Nf5+ Kg8 38. Ne7+ Kg7 39.
Nf5+ 1/2-1/2

[Event "Sparkassen-Open A"]
[Site "Heusenstamm, Martinsee"]
[Date "2022.11.19"]
[Round "4.52"]
[White "Griesfeller, Sven"]
[Black "Kempe, Caius Emilian"]
[Result "0-1"]
[WhiteElo "1534"]
[BlackElo "2001"]
[PlyCount "34"]
[EventDate "2022.??.??"]
[WhiteTeam "SD Büdingen-Wächtersbach"]
[BlackTeam "USV TU Dresden"]

1. e4 e6 2. d4 d5 3. e5 c5 4. c3 Bd7 5. Nf3 Qb6 6. Nbd2 Nc6 7. Nb3 cxd4 8. cxd4
Rc8 9. Be2 Nge7 10. O-O Nf5 11. Be3 Be7 12. Rc1 O-O 13. Nc5 Be8 14. Qd2 Ncxd4
15. Nxd4 Nxe3 16. Qxe3 Bxc5 17. Qc3 Bd7 0-1

[Event "Sparkassen-Open A"]
[Site "Heusenstamm, Martinsee"]
[Date "2022.11.19"]
[Round "4.53"]
[White "Haasner, Tom"]
[Black "Lutze, Max"]
[Result "0-1"]
[WhiteElo "1990"]
[BlackElo "1787"]
[PlyCount "86"]
[EventDate "2022.??.??"]
[WhiteTeam "TSV 1869 Rottendorf"]
[BlackTeam "MS Halver-Schalksmühle"]

1. d4 Nf6 2. c4 g6 3. h4 Bg7 4. Nc3 d6 5. e4 h5 6. Be2 O-O 7. Nf3 c5 8. d5 Nbd7
9. Ng5 Ne5 10. Bf4 Nh7 11. Qd2 a6 12. O-O Bd7 13. a4 Qa5 14. Nf3 Nxf3+ 15. Bxf3
Qb4 16. Qc2 Qxc4 17. Be2 Qd4 18. Rad1 Qf6 19. Bg3 Rac8 20. f4 Bh6 21. e5 Qg7
22. Rde1 Bf5 23. Bd3 Bxd3 24. Qxd3 f5 25. Re2 dxe5 26. Rxe5 Nf6 27. Rfe1 Rfe8
28. Qc4 Kf8 29. Qe2 Rcd8 30. Qf3 Rd6 31. Bf2 Ng4 32. Bxc5 Nxe5 33. fxe5 Rd7 34.
Rd1 Qxe5 35. Bd4 Qf4 36. Qe2 Rd6 37. Bc5 Rf6 38. Re1 Kf7 39. Bxe7 Qd4+ 40. Kf1
Qxh4 41. d6 Qf4+ 42. Kg1 Rxd6 43. Bxd6 Qd4+ 0-1

[Event "Sparkassen-Open A"]
[Site "Heusenstamm, Martinsee"]
[Date "2022.11.19"]
[Round "4.55"]
[White "Langedijk, Ardjan"]
[Black "Lotz, Ralf"]
[Result "1-0"]
[WhiteElo "2059"]
[BlackElo "1890"]
[PlyCount "85"]
[EventDate "2022.??.??"]
[WhiteTeam "Caissa Eenhorn"]
[BlackTeam "SC 1952 Obertshausen"]

1. Nf3 d5 2. c4 c6 3. e3 Nf6 4. Nc3 Bf5 5. Qb3 Qb6 6. Qxb6 axb6 7. cxd5 cxd5 8.
Bb5+ Nbd7 9. Ne5 e6 10. Na4 Ra5 11. Nc3 Bd6 12. Nxd7 Nxd7 13. d4 Bb4 14. a4 Ke7
15. Bd2 Nf6 16. f3 Bc2 17. g4 Rha8 18. Be2 Kf8 19. Nb5 Bxd2+ 20. Kxd2 Bxa4 21.
b4 Bxb5 22. bxa5 Bxe2 23. Kxe2 bxa5 24. Rhb1 Ra7 25. Rb5 a4 26. Rb4 a3 27. Rb3
a2 28. Rb2 Ne8 29. Raxa2 Rxa2 30. Rxa2 Nd6 31. Kd3 f5 32. gxf5 exf5 33. Ra5 b5
34. Ra7 Nc4 35. Rd7 Nb2+ 36. Ke2 Na4 37. Kd2 Nb6 38. Rb7 Nc4+ 39. Kd3 Nb2+ 40.
Ke2 Na4 41. Kd2 Nb2 42. Rxb5 Nc4+ 43. Kd3 1-0

[Event "Sparkassen-Open A"]
[Site "Heusenstamm, Martinsee"]
[Date "2022.11.19"]
[Round "4.56"]
[White "Nickel, Rüdiger"]
[Black "Marchese, Andrea"]
[Result "0-1"]
[WhiteElo "2039"]
[BlackElo "1869"]
[PlyCount "72"]
[EventDate "2022.??.??"]
[WhiteTeam "SK Dinkelsbühl"]
[BlackTeam "SC Matt im Park Ffm"]

1. e4 c6 2. d4 d5 3. e5 Bf5 4. h4 h5 5. Nc3 e6 6. Nce2 c5 7. Ng3 Bg6 8. Nf3 Nc6
9. Be2 Nge7 10. dxc5 Qa5+ 11. c3 Qxc5 12. O-O a6 13. Bg5 Nf5 14. Nxf5 Bxf5 15.
Qd2 Be7 16. Be3 Qa5 17. a4 Bg4 18. Bd4 Bxf3 19. gxf3 Bxh4 20. f4 Nxd4 21. Qxd4
Be7 22. f5 Qc5 23. fxe6 fxe6 24. Qd3 O-O-O 25. Qh3 Rh6 26. Kh1 g5 27. a5 Qc7
28. Qe3 Rg8 29. b4 Rhh8 30. Rab1 Rf8 31. c4 d4 32. Qxd4 Rf4 33. Qb2 Bf6 34.
exf6 Rh4+ 35. Kg2 Qh2+ 36. Kf3 Qh3# 0-1

[Event "Sparkassen-Open A"]
[Site "Heusenstamm, Martinsee"]
[Date "2022.11.19"]
[Round "4.57"]
[White "Vangsgaard, Claus"]
[Black "Swoboda, Philipp"]
[Result "0-1"]
[WhiteElo "1888"]
[BlackElo "2002"]
[PlyCount "78"]
[EventDate "2022.??.??"]
[WhiteTeam "Vejlby-Risskov SK"]
[BlackTeam "SV Frankfurt Nord 1926"]

1. e4 c5 2. d3 Nc6 3. f4 g6 4. Nf3 Bg7 5. Be2 Nf6 6. O-O O-O 7. c3 b5 8. Qc2 d6
9. Kh1 Bb7 10. Be3 a5 11. Nbd2 Rc8 12. Rae1 Qd7 13. Ng5 Nd4 14. Qd1 Nxe2 15.
Qxe2 h6 16. Ngf3 Qe6 17. Bf2 Nh5 18. Qe3 Qxa2 19. e5 Qe6 20. h3 dxe5 21. fxe5
g5 22. Ne4 Nf4 23. Bg3 Nd5 24. Qc1 Qg6 25. Bf2 Nf4 26. Qc2 Rfd8 27. Nxc5 Bxf3
28. gxf3 Qh5 29. Bd4 Qxh3+ 30. Qh2 Qf5 31. Re4 Rd5 32. b4 axb4 33. cxb4 Bxe5
34. Bxe5 Rxe5 35. Qxh6 Rc6 36. Qh2 Kg7 37. d4 Rh6 38. Qxh6+ Kxh6 39. Rxf4 Qh3+
0-1

[Event "Sparkassen-Open A"]
[Site "Heusenstamm, Martinsee"]
[Date "2022.11.19"]
[Round "4.58"]
[White "Winter, Lars"]
[Black "Calvi, Stefan"]
[Result "1-0"]
[WhiteElo "1880"]
[BlackElo "2016"]
[PlyCount "35"]
[EventDate "2022.??.??"]
[WhiteTeam "SV Fechenheim"]
[BlackTeam "SV Oberursel"]

1. e4 c5 2. Nf3 Nc6 3. Bb5 g6 4. O-O Bg7 5. Bxc6 dxc6 6. d3 b6 7. h3 Nh6 8. Nc3
f6 9. e5 fxe5 10. Nxe5 Qc7 11. Bxh6 Bxe5 12. Re1 Ba6 13. Qg4 Bxc3 14. bxc3 Qd7
15. Re6 O-O-O 16. Rae1 Rhe8 17. Bg5 Bb7 18. Bxe7 1-0

[Event "Sparkassen-Open A"]
[Site "Heusenstamm, Martinsee"]
[Date "2022.11.19"]
[Round "4.60"]
[White "Nerz, Lenard"]
[Black "Hasselbacher, Uwe"]
[Result "1-0"]
[WhiteElo "1989"]
[BlackElo "1815"]
[PlyCount "53"]
[EventDate "2022.??.??"]
[WhiteTeam "Spvgg Böblingen"]
[BlackTeam "SC Fulda"]

1. e4 c5 2. Nc3 a6 3. g3 d6 4. Bg2 Nc6 5. f4 e6 6. Nh3 Bd7 7. O-O h5 8. d3 Be7
9. Be3 Qc7 10. Ng5 Nf6 11. h3 g6 12. a3 Nh7 13. Nf3 O-O-O 14. f5 g5 15. Qd2
Rhg8 16. Nh2 Nd4 17. fxe6 Bxe6 18. Nd5 Bxd5 19. exd5 Rdf8 20. Rae1 f5 21. c3 f4
22. cxd4 fxe3 23. Qxe3 Bf6 24. dxc5 Re8 25. Qf2 Qxc5 26. Rc1 Bd4 27. Qxd4 1-0

[Event "Sparkassen-Open A"]
[Site "Heusenstamm, Martinsee"]
[Date "2022.11.19"]
[Round "4.61"]
[White "Tremöhlen, Thomas"]
[Black "Nagel, Matthias"]
[Result "1-0"]
[WhiteElo "1979"]
[BlackElo "1763"]
[PlyCount "33"]
[EventDate "2022.??.??"]
[WhiteTeam "SG Kaarst 1912/35"]
[BlackTeam "SV 1920 Kelsterbach"]

1. e4 c5 2. Nf3 a6 3. d4 cxd4 4. Nxd4 Nf6 5. Nc3 e5 6. Nde2 Bb4 7. a3 Bc5 8.
Ng3 d6 9. Be2 Be6 10. O-O Nc6 11. Nd5 Bxd5 12. exd5 Nd4 13. Bc4 Qd7 14. Be3 Rc8
15. Bd3 Nxd5 16. Bxd4 Bxd4 17. Bf5 1-0

[Event "Sparkassen-Open A"]
[Site "Heusenstamm, Martinsee"]
[Date "2022.11.19"]
[Round "4.62"]
[White "Armbrust, Matthias"]
[Black "Benninger, Rudolf"]
[Result "0-1"]
[WhiteElo "1854"]
[BlackElo "1978"]
[PlyCount "102"]
[EventDate "2022.??.??"]
[WhiteTeam "TSG 1846 Bretzenheim/ZMO"]
[BlackTeam "SC Heusenstamm"]

1. e4 c5 2. Nc3 g6 3. g3 Bg7 4. Bg2 Nc6 5. d3 e6 6. f4 Nge7 7. Be3 Nd4 8. e5
Nef5 9. Bf2 d5 10. exd6 Nxd6 11. Nf3 O-O 12. O-O Rb8 13. Ne5 f6 14. Nf3 e5 15.
fxe5 fxe5 16. Nd2 Be6 17. Nde4 Nxe4 18. Nxe4 b6 19. c3 Nf5 20. Qe2 Qd7 21. Ng5
Bd5 22. Be4 h6 23. Nf3 Rbd8 24. Rfe1 Bxe4 25. dxe4 Nd6 26. Kg2 Qe6 27. b3 Rd7
28. Rad1 Rdf7 29. Rd3 c4 30. Re3 cxb3 31. axb3 Qxb3 32. Rf1 Qc4 33. Qxc4 Nxc4
34. Rd3 Rxf3 35. Rxf3 Rxf3 36. Kxf3 Nd2+ 37. Ke2 Nxf1 38. Kxf1 Kf7 39. Ke2 Ke6
40. Kd3 Kd6 41. c4 Kc6 42. Be3 h5 43. h3 Bf8 44. Kc2 Bc5 45. Bd2 Bf2 46. g4
hxg4 47. hxg4 Kc5 48. Kd3 Bd4 49. Be1 a5 50. Bd2 a4 51. Bc1 Kb4 0-1

[Event "Sparkassen-Open A"]
[Site "Heusenstamm, Martinsee"]
[Date "2022.11.19"]
[Round "4.63"]
[White "Böhmer, Thomas"]
[Black "Nahler, Michael"]
[Result "1-0"]
[WhiteElo "1969"]
[BlackElo "1825"]
[PlyCount "77"]
[EventDate "2022.??.??"]
[WhiteTeam "Sfr Stiller Zug Wiesbaden"]
[BlackTeam "SV Oberursel"]

1. d4 d5 2. c4 c6 3. cxd5 cxd5 4. Nc3 Nf6 5. Bf4 Nc6 6. e3 Bf5 7. Qb3 Qd7 8.
Nf3 e6 9. Bb5 Bd6 10. Ne5 Bxe5 11. Bxe5 O-O 12. O-O Qe7 13. Bxc6 bxc6 14. f3 c5
15. Qa3 Nd7 16. Bg3 Rfe8 17. Nb5 cxd4 18. Qxe7 Rxe7 19. Nxd4 Bg6 20. Rfc1 Nb6
21. b3 Ree8 22. Rc7 Rec8 23. Rac1 h6 24. R1c6 Bd3 25. h3 Rxc7 26. Rxc7 a5 27.
Rb7 Nc8 28. Nc6 Bb1 29. a4 Bc2 30. Rb5 Na7 31. Rxa5 Bxb3 32. Nxa7 f6 33. Kf2 e5
34. Ke1 Kf7 35. Kd2 g5 36. Kc3 Bc4 37. Nc6 Rc8 38. Rc5 Bf1 39. Nxe5+ 1-0

[Event "Sparkassen-Open A"]
[Site "Heusenstamm, Martinsee"]
[Date "2022.11.19"]
[Round "4.64"]
[White "Trenz, Finn"]
[Black "Bäumer, Frank"]
[Result "1/2-1/2"]
[WhiteElo "1678"]
[BlackElo "1914"]
[PlyCount "58"]
[EventDate "2022.??.??"]
[WhiteTeam "SV Multatuli Ingelheim"]
[BlackTeam "Gambit Gusenburg"]

1. e4 e5 2. Nf3 Nc6 3. Bc4 Bc5 4. c3 Qe7 5. d3 h6 6. Nbd2 d6 7. a4 a6 8. Nf1
Qf6 9. Be3 Nge7 10. b4 Ba7 11. Bxa7 Rxa7 12. Ne3 Nd8 13. O-O Ne6 14. d4 Nf4 15.
Ra2 Be6 16. dxe5 dxe5 17. Bxe6 Qxe6 18. Rd2 O-O 19. Nh4 g6 20. Qg4 h5 21. Qxe6
Nxe6 22. Nf3 f6 23. Rd7 Rf7 24. Rfd1 b5 25. a5 Nc8 26. g4 hxg4 27. Nxg4 Kg7 28.
Rxf7+ Kxf7 29. Rd7+ Ne7 1/2-1/2

[Event "Sparkassen-Open A"]
[Site "Heusenstamm, Martinsee"]
[Date "2022.11.19"]
[Round "4.65"]
[White "Berberich, Christoph"]
[Black "Marchese, Gaspare"]
[Result "1-0"]
[WhiteElo "1952"]
[BlackElo "1803"]
[PlyCount "109"]
[EventDate "2022.??.??"]
[WhiteTeam "FSF 1887 Zähringen"]
[BlackTeam "SC Matt im Park Ffm"]

1. d4 Nf6 2. Nf3 g6 3. c4 Bg7 4. Nc3 O-O 5. e4 d6 6. Be2 e5 7. O-O Nc6 8. d5
Ne7 9. b4 Ne8 10. Nd2 f5 11. c5 f4 12. Bg4 Nf6 13. Bxc8 Rxc8 14. f3 g5 15. Nc4
Ne8 16. Qb3 Rf6 17. Nxe5 dxe5 18. d6+ Kh8 19. dxe7 Qd4+ 20. Kh1 c6 21. Bxf4 Qd7
22. Bxe5 Re6 23. Rad1 Qxe7 24. Bxg7+ Nxg7 25. Rd3 Rf8 26. Qd1 Qf6 27. Ne2 Rxe4
28. fxe4 Qxf1+ 29. Qxf1 Rxf1+ 30. Ng1 Ne6 31. g3 Re1 32. Rd7 Rxe4 33. Rxb7 Nd4
34. Rxa7 g4 35. a4 Re1 36. Kg2 Rb1 37. Rb7 Rb2+ 38. Kf1 Rxh2 39. b5 cxb5 40.
axb5 Rc2 41. c6 Nxc6 42. Rc7 Rc1+ 43. Kf2 Rc2+ 44. Ne2 Rxe2+ 45. Kxe2 Nd4+ 46.
Ke3 Nxb5 47. Rd7 Na3 48. Kf4 Nc4 49. Rd4 Na5 50. Kxg4 Nc6 51. Rd6 Ne5+ 52. Kf5
Nf7 53. Rd7 Nh6+ 54. Kg5 Ng8 55. g4 1-0

[Event "Sparkassen-Open A"]
[Site "Heusenstamm, Martinsee"]
[Date "2022.11.19"]
[Round "4.66"]
[White "Voss, Georg"]
[Black "Wadiei, Soroush"]
[Result "0-1"]
[WhiteElo "1947"]
[BlackElo "1725"]
[PlyCount "140"]
[EventDate "2022.??.??"]
[WhiteTeam "SV Meschede"]
[BlackTeam "SV Nürtingen 1920"]

1. c4 e5 2. g3 d5 3. cxd5 Qxd5 4. Nf3 c6 5. Nc3 Qa5 6. Bg2 Nf6 7. O-O Be7 8. d4
exd4 9. Nxd4 O-O 10. Qc2 Qh5 11. h4 Na6 12. a3 Nc7 13. e4 Rd8 14. Nce2 Bg4 15.
Nf4 Qe5 16. Nde2 Ne6 17. Nxe6 Bxe6 18. Bd2 Ng4 19. Nf4 Bc4 20. Rfe1 Qb5 21. b4
Bf6 22. Bc3 Bxc3 23. Qxc3 a5 24. Rab1 a4 25. e5 Bb3 26. Bh3 Nh6 27. e6 fxe6 28.
Nxe6 Bxe6 29. Bxe6+ Kh8 30. Bc4 Qf5 31. Rb2 Re8 32. Rbe2 Rxe2 33. Rxe2 Rf8 34.
Be6 Qh5 35. Rd2 Qg6 36. Bh3 Qb1+ 37. Kg2 Qe4+ 38. f3 Qe1 39. Qd3 Re8 40. Rf2
Ng8 41. Qd2 Qe5 42. Bg4 Nf6 43. f4 Qa1 44. Re2 Ra8 45. Qe3 h5 46. Bf5 Qd1 47.
Rd2 Nd5 48. Qe2 Qxe2+ 49. Rxe2 Nc3 50. Re3 Nd5 51. Rd3 Re8 52. Bg6 Re3 53. Kf2
Re6 54. Bxh5 g6 55. Bd1 b5 56. Bf3 Nb6 57. h5 gxh5 58. Bxh5 Kg7 59. Bf3 Nc4 60.
g4 Kf6 61. f5 Ne5 62. Rd8 Re7 63. Rd6+ Kg5 64. Re6 Rxe6 65. fxe6 Kf6 66. Be2
Kxe6 67. Ke3 c5 68. bxc5 b4 69. axb4 a3 70. Bd1 Nc4+ 0-1

[Event "Sparkassen-Open A"]
[Site "Heusenstamm, Martinsee"]
[Date "2022.11.19"]
[Round "4.67"]
[White "Busch, Malte"]
[Black "Krychevskiy, Dmytro"]
[Result "1/2-1/2"]
[WhiteElo "1823"]
[BlackElo "1912"]
[PlyCount "58"]
[EventDate "2022.??.??"]
[WhiteTeam "SC 1979 Hattersheim"]
[BlackTeam "SV Oberursel"]

1. d4 e6 2. Nc3 d5 3. Bf4 c6 4. e3 f5 5. g4 Nf6 6. gxf5 exf5 7. Bd3 Be6 8. Nge2
Bd6 9. f3 Qe7 10. Bxd6 Qxd6 11. Qd2 Nbd7 12. O-O-O O-O-O 13. e4 fxe4 14. fxe4
dxe4 15. Bxe4 Nb6 16. Qf4 Qxf4+ 17. Nxf4 Bg4 18. Rd3 Nxe4 19. Nxe4 Bf5 20. Re1
Nd5 21. Nxd5 Rxd5 22. c3 c5 23. Rf3 Bxe4 24. Rxe4 cxd4 25. Rxd4 Rxd4 26. cxd4
Rd8 27. Rf7 Rd7 28. Rf4 Kd8 29. Kd2 Ke7 1/2-1/2

[Event "Sparkassen-Open A"]
[Site "Heusenstamm, Martinsee"]
[Date "2022.11.19"]
[Round "4.68"]
[White "Makilla, Tobias"]
[Black "von Wahden, Jens"]
[Result "0-1"]
[WhiteElo "1939"]
[BlackElo "1684"]
[PlyCount "62"]
[EventDate "2022.??.??"]
[WhiteTeam "SC 1979 Hattersheim"]
[BlackTeam "SV Oberursel"]

1. e4 e6 2. d4 d5 3. Nd2 Nf6 4. e5 Nfd7 5. Bd3 c5 6. c3 Nc6 7. Ne2 cxd4 8. cxd4
f6 9. exf6 Nxf6 10. O-O Bd6 11. Nf3 O-O 12. Bf4 Nh5 13. Bxd6 Qxd6 14. Re1 Nf4
15. Nxf4 Qxf4 16. Qc2 h6 17. Rad1 Bd7 18. Ne5 Nxe5 19. Rxe5 Rac8 20. Qe2 Rc1
21. h3 Rxd1+ 22. Qxd1 Qxf2+ 23. Kh1 Qxb2 24. Re2 Qb6 25. Bc2 Bb5 26. Re1 Rf4
27. Qh5 Qxd4 28. Qg6 Qf6 29. Rxe6 Rf1+ 30. Kh2 Qf4+ 31. Qg3 Rh1+ 0-1

[Event "Sparkassen-Open A"]
[Site "Heusenstamm, Martinsee"]
[Date "2022.11.19"]
[Round "4.69"]
[White "Ersöz, Can"]
[Black "Blomer, Moritz"]
[Result "1/2-1/2"]
[WhiteElo "1927"]
[BlackElo "1614"]
[PlyCount "59"]
[EventDate "2022.??.??"]
[WhiteTeam "SV Würzburg von 1865"]
[BlackTeam "SG Porz"]

1. e4 e6 2. d3 d5 3. Nd2 Nf6 4. Ngf3 Bc5 5. e5 Nfd7 6. g3 Nc6 7. Nb3 O-O 8.
Nxc5 Nxc5 9. Bg2 f6 10. exf6 Qxf6 11. O-O e5 12. Bg5 Qf7 13. Qe1 e4 14. dxe4
Nxe4 15. Bf4 Bg4 16. c4 Rae8 17. cxd5 Nxg3 18. Bxg3 Rxe1 19. Rfxe1 Bxf3 20.
Bxf3 Nb4 21. Rad1 Re8 22. Rxe8+ Qxe8 23. a3 Na6 24. Kg2 Qd8 25. b4 Nb8 26. Rd2
Qd7 27. Rd1 Qd8 28. Rd2 Qd7 29. Rd1 Qd8 30. Rd2 1/2-1/2

[Event "Sparkassen-Open A"]
[Site "Heusenstamm, Martinsee"]
[Date "2022.11.19"]
[Round "4.70"]
[White "Schellen, Sven"]
[Black "Zimmer, Gerald"]
[Result "0-1"]
[WhiteElo "1789"]
[BlackElo "1922"]
[PlyCount "54"]
[EventDate "2022.??.??"]
[WhiteTeam "SV Frankfurt Nord 1926"]
[BlackTeam "SC Bergen-Enkheim 1922"]

1. Nf3 Nf6 2. d4 e6 3. g3 b6 4. Bg2 Bb7 5. O-O c5 6. c4 d5 7. cxd5 Nxd5 8. Ne5
cxd4 9. Qxd4 Nc6 10. Qa4 Qc7 11. Bxd5 exd5 12. Bf4 Bd6 13. Rc1 Bxe5 14. Bxe5
Qxe5 15. Rxc6 O-O 16. Rc2 Rfc8 17. Na3 Rxc2 18. Qxc2 Rc8 19. Qd2 Ba6 20. Re1 g6
21. f3 d4 22. Kf2 Qd5 23. Rd1 d3 24. exd3 Qd4+ 25. Kg2 Rd8 26. Qf2 Qa4 27. d4
Qxd1 0-1

[Event "Sparkassen-Open A"]
[Site "Heusenstamm, Martinsee"]
[Date "2022.11.19"]
[Round "4.71"]
[White "Oster, Klaus"]
[Black "Abdo, Alan"]
[Result "1-0"]
[WhiteElo "1916"]
[BlackElo "1686"]
[PlyCount "59"]
[EventDate "2022.??.??"]
[WhiteTeam "SF Dettingen 1950"]
[BlackTeam "SC Listiger Bauer Essen-West"]

1. d4 Nf6 2. Nf3 e6 3. g3 d5 4. Bg2 Be7 5. O-O O-O 6. c4 c6 7. Qc2 Ne4 8. Nbd2
Nxd2 9. Bxd2 f6 10. e4 Na6 11. Rfe1 Bd7 12. Qb3 Qb6 13. Qxb6 axb6 14. exd5 Nb4
15. dxe6 Nc2 16. exd7 Nxe1 17. Rxe1 Bd6 18. Bh3 g5 19. Be6+ Kg7 20. Bc3 Kg6 21.
g4 h5 22. Bf5+ Kh6 23. h3 hxg4 24. hxg4 Kg7 25. a3 Kf7 26. Kg2 Rh8 27. d5 Rh6
28. Re6 Bf4 29. dxc6 bxc6 30. Rxc6 1-0

[Event "Sparkassen-Open A"]
[Site "Heusenstamm, Martinsee"]
[Date "2022.11.19"]
[Round "4.72"]
[White "Kürschner, Liam"]
[Black "Faßler, Felix"]
[Result "1-0"]
[WhiteElo "1900"]
[BlackElo "1430"]
[PlyCount "79"]
[EventDate "2022.??.??"]
[WhiteTeam "SK Langen"]
[BlackTeam "SC Fulda"]

1. c4 Nf6 2. Nf3 e6 3. g3 d5 4. d4 dxc4 5. Bg2 c5 6. O-O Nc6 7. Qa4 Bd7 8. dxc5
Bxc5 9. Qxc4 Be7 10. Rd1 O-O 11. Nc3 Qa5 12. Bf4 Rac8 13. Qb3 Rfd8 14. Qxb7 e5
15. Bg5 Rb8 16. Rxd7 Rxb7 17. Rxb7 h6 18. Bxf6 Bxf6 19. e3 g6 20. Rb5 Qa6 21.
Bf1 Qc8 22. Nd5 Bg7 23. Rc1 Qa8 24. Nc7 Qc8 25. Rxc6 Qf5 26. Be2 g5 27. Nd5
Qb1+ 28. Kg2 g4 29. Nf6+ Bxf6 30. Rxf6 gxf3+ 31. Bxf3 Qxa2 32. Rb7 Kg7 33. Rf5
Rd2 34. Rb5 f6 35. Rb7+ Kg6 36. Be4 Qa4 37. b4 h5 38. h4 Qa6 39. Rg5+ Kh6 40.
Rh7# 1-0

[Event "Sparkassen-Open A"]
[Site "Heusenstamm, Martinsee"]
[Date "2022.11.19"]
[Round "4.73"]
[White "Fröhlich-Dill, Astrid"]
[Black "Weil, Michael"]
[Result "0-1"]
[WhiteElo "1799"]
[BlackElo "1879"]
[PlyCount "58"]
[EventDate "2022.??.??"]
[WhiteTeam "SV 1920 Hofheim"]
[BlackTeam "SC Steinbach"]

1. d4 d5 2. Nf3 e6 3. c4 c6 4. e3 f5 5. Nc3 Nf6 6. Ne5 Bd6 7. cxd5 exd5 8. Be2
O-O 9. h3 Nbd7 10. f4 Ne4 11. Nxe4 fxe4 12. O-O Qh4 13. Qe1 Qxe1 14. Rxe1 Nxe5
15. dxe5 Bb4 16. Rd1 Be6 17. g4 g6 18. Bd2 Bc5 19. Kh2 d4 20. exd4 Bxd4 21. Kg3
g5 22. Rf1 gxf4+ 23. Bxf4 Rf7 24. Rfd1 c5 25. Rd2 Kg7 26. h4 Raf8 27. Rf1 Rxf4
28. Rxf4 Bxe5 29. Rc2 Bxf4+ 0-1

[Event "Sparkassen-Open A"]
[Site "Heusenstamm, Martinsee"]
[Date "2022.11.19"]
[Round "4.74"]
[White "Bahlo, Jens"]
[Black "Rotermund, Verena"]
[Result "1-0"]
[WhiteElo "1898"]
[BlackElo "1585"]
[PlyCount "111"]
[EventDate "2022.??.??"]
[WhiteTeam "SK 1858 Gießen"]
[BlackTeam "Vorw.Orient Mainz"]

1. e4 e6 2. d3 d5 3. Qe2 dxe4 4. dxe4 Bd7 5. Nf3 Nf6 6. g3 Be7 7. Bg2 O-O 8.
O-O c5 9. c3 Qb6 10. Na3 Nc6 11. Re1 Rad8 12. Nc4 Qa6 13. b3 b5 14. Ncd2 Bc8
15. e5 Nd5 16. Bb2 Qb6 17. Rad1 Ba6 18. Qe4 c4 19. Qg4 Bc5 20. Ne4 Bc8 21. Rd2
f5 22. exf6 Nxf6 23. Nxf6+ Rxf6 24. b4 Be7 25. Rxd8+ Bxd8 26. a4 a6 27. a5 Qc7
28. Bc1 Rf8 29. Qe4 Bf6 30. Ng5 Bxg5 31. Bxg5 Qf7 32. Be3 Ne7 33. Bc5 Re8 34.
Bh3 Nd5 35. Bd4 Nf6 36. Qe5 h6 37. f4 Qg6 38. Qd6 Ne4 39. Qc6 Nxg3 40. Qg2 e5
41. Bxc8 exd4 42. Rxe8+ Qxe8 43. hxg3 Qxc8 44. Qd5+ Kh8 45. Qxd4 Qg4 46. Kf2
Qh3 47. Kf3 Qf1+ 48. Kg4 Qe2+ 49. Kh4 Qh2+ 50. Kg4 Qe2+ 51. Kh3 Qd3 52. Qe5
Qf1+ 53. Kg4 Qd1+ 54. Kf5 Qd3+ 55. Ke6 Qxg3 56. Kf7 1-0

[Event "Sparkassen-Open A"]
[Site "Heusenstamm, Martinsee"]
[Date "2022.11.19"]
[Round "4.76"]
[White "Burg, Samuel"]
[Black "Wachsmann, Elmar"]
[Result "1-0"]
[WhiteElo "1676"]
[BlackElo "1858"]
[PlyCount "59"]
[EventDate "2022.??.??"]
[WhiteTeam "Spvgg Böblingen"]
[BlackTeam "SC Groß-Umstadt"]

1. e4 e5 2. Nf3 Nc6 3. Bb5 a6 4. Ba4 Nf6 5. O-O Be7 6. Re1 b5 7. Bb3 O-O 8. h3
d6 9. c3 Na5 10. Bc2 c5 11. d4 Qc7 12. Nbd2 Bd7 13. d5 c4 14. Nf1 Rfc8 15. g4
Nb7 16. Ng3 a5 17. g5 Ne8 18. Nf5 Bf8 19. Kh2 b4 20. Rg1 bxc3 21. Nh6+ Kh8 22.
Nxf7+ Kg8 23. Nh6+ gxh6 24. gxh6+ Kh8 25. Ng5 Bb5 26. Qf3 Bg7 27. hxg7+ Nxg7
28. Nf7+ Kg8 29. Rxg7+ Kxg7 30. Bh6+ 1-0

[Event "Sparkassen-Open A"]
[Site "Heusenstamm, Martinsee"]
[Date "2022.11.19"]
[Round "4.78"]
[White "Waffenschmidt, Joachim"]
[Black "Mehlen, Theodor"]
[Result "1/2-1/2"]
[WhiteElo "2015"]
[BlackElo "1827"]
[PlyCount "80"]
[EventDate "2022.??.??"]
[WhiteTeam "SV 1920 Hofheim"]
[BlackTeam "SC Matt im Park Ffm"]

1. d4 d5 2. Bf4 c5 3. e3 Nc6 4. c3 Nf6 5. Nd2 e6 6. Ngf3 cxd4 7. exd4 Nh5 8.
Be3 Bd6 9. Bd3 g6 10. Bg5 f6 11. Be3 Nf4 12. Bxf4 Bxf4 13. O-O O-O 14. Qc2 Qc7
15. g3 Bh6 16. b4 e5 17. Qb3 Be6 18. Ne4 b6 19. Bb5 a6 20. dxe5 axb5 21. Nxf6+
Rxf6 22. exf6 Qf7 23. Rfe1 Qxf6 24. Nd4 Nxd4 25. cxd4 Rf8 26. Re2 Bg4 27. Qxd5+
Kg7 28. Rc2 Bf3 29. Qxb5 Qxd4 30. Re1 Kg8 31. Qc4+ Qxc4 32. Rxc4 Bd5 33. Rc7
Rf7 34. Re8+ Kg7 35. Rxf7+ Kxf7 36. Rb8 Bxa2 37. Rxb6 Bf8 38. Rb7+ Ke6 39. b5
Be7 40. b6 Bd5 1/2-1/2

[Event "Sparkassen-Open A"]
[Site "Heusenstamm, Martinsee"]
[Date "2022.11.19"]
[Round "4.79"]
[White "Hilbenz, Guntram"]
[Black "Schultze, Jörg-Martin"]
[Result "0-1"]
[WhiteElo "1829"]
[BlackElo "1974"]
[PlyCount "44"]
[EventDate "2022.??.??"]
[WhiteTeam "SC Bad Nauheim"]
[BlackTeam "SF Braunfels"]

1. c4 Nf6 2. g3 c6 3. Bg2 d5 4. Nf3 Bg4 5. Ne5 Bf5 6. d4 e6 7. Nc3 Bd6 8. b3
Nbd7 9. f4 Bb4 10. Bd2 Nxe5 11. fxe5 Ng4 12. Qc1 dxc4 13. h3 Nh6 14. a3 Ba5 15.
b4 Bb6 16. e3 Qg5 17. Kf2 Bd3 18. Bf3 O-O 19. Kg2 Nf5 20. Qe1 Nh4+ 21. Kf2 Nxf3
22. Kxf3 f6 0-1

[Event "Sparkassen-Open A"]
[Site "Heusenstamm, Martinsee"]
[Date "2022.11.19"]
[Round "4.80"]
[White "Schunke, Oliver"]
[Black "Thomas, Tobias"]
[Result "1/2-1/2"]
[WhiteElo "1786"]
[BlackElo "1939"]
[PlyCount "35"]
[EventDate "2022.??.??"]
[WhiteTeam "VfB 07 Lettin"]
[BlackTeam "SK Langen"]

1. Nc3 c5 2. Nf3 Nf6 3. d4 d5 4. dxc5 e6 5. e4 Bxc5 6. Bb5+ Bd7 7. Bxd7+ Qxd7
8. exd5 O-O 9. O-O Nxd5 10. Nxd5 Qxd5 11. Qxd5 exd5 12. c3 Nc6 13. Bf4 d4 14.
b4 Bb6 15. b5 Ne7 16. cxd4 Rfd8 17. Be3 Nd5 18. Rac1 1/2-1/2